Statistics for Descendants 2 guess the characters

Click here to take the quiz!

General Stats

  • This quiz has been taken 2,749 times
  • The average score is 11 of 15

Answer Stats

Answer% Correct
She turns into a dragonMal
99%
Uma's MotherUrsula
83%
Loves fashionEvie
83%
Son of JafarJay
83%
he used to Hate dogsCarlos
81%
who says SHRIMPYGil
72%
He goes out with EvieDoug
71%
Archenemy of MalUma
71%
She Dyed Mal's Hair purpleDizzy
69%
Talking DogDude
67%
Audrey's CrushChad
66%
Daughter of Fa'MulanLonnie
62%
Uma's First mateHarry Hook
61%
King of AuradonKing Ben
51%
who is Ben's ParentsBelle and Beast
49%

Score Distribution

Percentile by Number Answered

Percent of People with Each Score

Your Score History

You have not taken this quiz